| 000 | 01800cam a2200433 a 4500 | ||
|---|---|---|---|
| 999 |
_c56810 _d56810 |
||
| 001 | 11768458 | ||
| 005 | 20190502121601.0 | ||
| 008 | 990816s2000 enka b 001 0 eng | ||
| 010 | _a 99045882 | ||
| 020 | _a0195130316 (alk. paper) | ||
| 020 | _a0195130324 (pbk. : alk. paper) | ||
| 040 |
_aDLC _cDLC _dDLC |
||
| 041 | _aeng | ||
| 050 | 0 | 0 |
_aP118 _b.B424 2000 |
| 245 | 0 | 0 |
_aBecoming a word learner : _ba debate on lexical acquisition / _cRoberta Michnick Golinkoff ... [et al.]. |
| 260 |
_aOxford ; _aNew York : _bOxford University Press, _c2000. |
||
| 300 |
_avii, 208 p. : _bill. ; _c25 cm. |
||
| 490 | 1 | _aCounterpoints | |
| 504 | _aIncludes bibliographical references and index. | ||
| 650 | 0 |
_aLanguage acquisition. _9589 |
|
| 650 | 0 |
_aVocabulary. _9600 |
|
| 653 | _aპედაგოგიკა | ||
| 653 | _aდისკუსია ლექსიკური შეძენის შესახებ | ||
| 653 | _aენა | ||
| 700 | 1 |
_aGolinkoff, Roberta M. _9601 |
|
| 700 | 1 |
_aPasek-hirsh , Kathy. _9603 |
|
| 700 | 1 |
_aBLOOM , LOIS _9587 |
|
| 700 | 1 |
_aSMITH , LINDA , B _9604 |
|
| 700 | 1 |
_aWOODWARD , AMANDA L _9605 |
|
| 700 | 1 |
_aAKHTAR , NAMEERA _9606 |
|
| 700 | 1 |
_aTOMASELLO , MICHAEL _9607 |
|
| 700 | 1 |
_aHOLLICH , GEORGE _9608 |
|
| 830 | 0 |
_aCounterpoints (Oxford University Press) _9602 |
|
| 856 | 4 | 2 |
_3Publisher description _uhttp://www.loc.gov/catdir/enhancements/fy0603/99045882-d.html |
| 856 | 4 | 1 |
_3Table of contents only _uhttp://www.loc.gov/catdir/enhancements/fy0603/99045882-t.html |
| 906 |
_a7 _bcbc _corignew _d1 _eocip _f19 _gy-gencatlg |
||
| 942 |
_2udc _cBK |
||
| 955 | _ato SSCD pc02 08-16-99; lg02 to le03 08-17-99; le03 08-18-99; le02 08-18-99; to Dewey 08-18-99; aa11 08-19-99; CIP ver. lg09 01-08-00; lg28 01-09-01 to BCCD; fl27 02-22-01 | ||